| 000 | 00527 a2200181 4500 | ||
|---|---|---|---|
| 003 | OSt | ||
| 005 | 20240221093433.0 | ||
| 008 | 190702t xxu||||| |||| 00| 0 eng d | ||
| 020 | _a9780714878034 | ||
| 040 | _c0 | ||
| 082 |
_a720.922 _bARA |
||
| 100 |
_a Aravena, Alejandro _9120933 |
||
| 245 | _aElemental: The Architecture of Alejandro Aravena | ||
| 260 |
_bPhaidon Press _c2018 |
||
| 300 |
_a255p.: _bill; _c28cm. |
||
| 942 |
_2ddc _cBK _aSADA _kREF 720.922 ARA 2018 |
||
| 999 |
_c607942 _d607942 |
||